000 00603nam a2200229 i 4500
001 C2-0082750
003 PPAK
005 20180727085130.0
008 970429s1990 enka|||| ||||| | eng d
040 _aPPAK
_beng
_cPPAK
_erda
082 0 4 _a641.874
_223
090 0 0 _a641.874
_bMcN
_dR
100 1 _aMcNulty, Henry,
_eauthor
245 1 0 _aVogue cocktails
264 1 _aLondon :
_bHamlyn ,
_c1990
300 _a96 pages :
_bcolour illustrations ;
_c18 cm
336 _2rdacontent
_atext
337 _2rdamedia
_aunmediated
338 _2rdacarrier
_avolume
650 1 0 _aCocktails
942 _ddc
_cB
999 _c15458
_d15458